01669nam a2200373 a 4500001001200000003000800012006001900020007001500039008004100054010001700095020003900112020003800151020002700189040002100216035002100237043001200258050002900270082002600299100003100325245012200356260003200478300002200510504005100532505022200583533015200805650003200957650003600989650003301025650004801058655002901106710001701135856012601152999001701278ebr10629483CaPaEBRm u cr cn|||||||||120606s2012 nyua sb 001 0 eng d z 2012023311 z9780801450747 (cloth : alk. paper) z9780801478338 (pbk. : alk. paper) z9780801465796 (e-book) aCaPaEBRcCaPaEBR a(OCoLC)820123239 an-us-la14aHD9472.S63bU5263 2012eb04a338.3/725388097632231 aHarrison, Jill Ann,d1977-10aBuoyancy on the bayouh[electronic resource] :bshrimpers face the rising tide of globalization /cJill Ann Harrison. aIthaca :bILR Press,c2012. ax, 185 p. :bill. aIncludes bibliographical references and index.0 aSetting sail : what we can learn from Louisiana shrimp fishers -- Identity : the struggle to stay afloat -- Loss : jumping ship for higher ground -- Innovation : changing course on choppy waters -- Coming back ashore. aElectronic reproduction.bPalo Alto, Calif. :cebrary,d2011.nAvailable via World Wide Web.nAccess may be limited to ebrary affiliated libraries. 0aShrimp industryzLouisiana. 0aShrimpers (Persons)zLouisiana. 0aShrimp fisherieszLouisiana. 0aGlobalizationxEconomic aspectszLouisiana. 7aElectronic books.2local2 aebrary, Inc.40uhttp://site.ebrary.com/lib/rucke/Doc?id=10629483zAn electronic book accessible through the World Wide Web; click to view c53412d53412